000
002540000a22000970004500
100
1
_a
Bergsma, Pablo
245
1
0
_a
La misión en el siglo XXI
300
_a
Vol. 19, Num 1 y 2 (Enero-Junio, 2000), Páginas 69-70
773
0
_t
Iglesia y Misión
942
_c
ANA
999
_c
52443
_d
52443